[Event "40th Olympiad Open"]
[Site "Istanbul TUR"]
[Date "2012.08.30"]
[Round "3.30"]
[Board "4"]
[White "Shanmugam, Ravindran"]
[Black "Takyrbashev, B."]
[Result "0-1"]
[WhiteTitle "IM"]
[WhiteElo "2406"]
[BlackElo "2195"]
[WhiteTeam "Singapore"]
[BlackTeam "Kyrgyzstan"]
[WhiteFideId "5801770"]
[BlackFideId "13800272"]
[EventDate "2012.08.28"]

1. e4 c5 2. d3 Nc6 3. g3 d5 4. exd5 Qxd5 5. Nf3 Bg4 6. Bg2 Nd4 7. Nbd2 Qe6+ 8.
Kf1 Nxf3 9. Nxf3 Bh3 10. Be3 Bxg2+ 11. Kxg2 Qc6 12. Re1 e5 13. Kg1 f6 14. c3
O-O-O 15. d4 h5 16. Qe2 e4 17. Nd2 f5 18. f3 h4 19. fxe4 hxg3 20. hxg3 Nf6 21.
Qg2 fxe4 22. Bg5 cxd4 23. cxd4 Rxd4 24. Rac1 Bc5 25. Be3 Ng4 26. Bxd4 Bxd4+ 27.
Kf1 Ne3+ 28. Rxe3 Qxc1+ 29. Re1 Rf8+ 30. Ke2 Qxb2 31. Rf1 Rxf1 32. Kxf1 e3 33.
Nf3 Qxg2+ 34. Kxg2 e2 35. Ne1 Kd7 36. Kf3 Bc3 37. Kxe2 Bxe1 38. Kxe1 Ke6 39. Ke2
b5 40. Kd3 Kd5 41. Kc3 a5 42. Kd3 b4 43. Kc2 Kc4 44. Kb2 a4 45. Kc2 g5 46. g4
Kd4 0-1

[Event "40th Olympiad Open"]
[Site "Istanbul TUR"]
[Date "2012.08.30"]
[Round "3.31"]
[Board "2"]
[White "Mandiza, Farai"]
[Black "Svetushkin, Dmitry"]
[Result "1-0"]
[WhiteTitle "IM"]
[BlackTitle "GM"]
[WhiteElo "2390"]
[BlackElo "2569"]
[WhiteTeam "Zimbabwe"]
[BlackTeam "Moldova"]
[WhiteFideId "11000430"]
[BlackFideId "13900463"]
[EventDate "2012.08.28"]

1. d4 Nf6 2. Nf3 e6 3. Bg5 h6 4. Bh4 d6 5. Nbd2 g5 6. Bg3 Nh5 7. e3 Bg7 8. c4
Nd7 9. Ng1 Nxg3 10. hxg3 c5 11. dxc5 dxc5 12. Qc2 Qc7 13. Ne2 b6 14. Nc3 Bb7 15.
O-O-O a6 16. Nde4 Ke7 17. f4 Rad8 18. Nd6 Bc6 19. Nde4 Qb8 20. Rh2 b5 21. Bd3 b4
22. Nb1 a5 23. Qe2 a4 24. Rdh1 a3 25. b3 Ne5 26. Bc2 Nf3 27. Nbd2 Nxh2 28. Rxh2
Qb6 29. Rh1 Rd7 30. g4 Rhd8 31. Nf3 Bxe4 32. Bxe4 Qd6 33. g3 Kf8 34. Kc2 Qe7 35.
Rf1 Bc3 36. Rf2 Qf6 37. Bc6 Ba1 38. Bxd7 Qb2+ 39. Kd3 Rxd7+ 40. Ke4 Qg7 41. Nh2
f5+ 42. gxf5 Rd2 43. Qxd2 Qb7+ 44. Kd3 Bc3 45. Qe2 exf5 46. Qf3 1-0

[Event "40th Olympiad Open"]
[Site "Istanbul TUR"]
[Date "2012.08.30"]
[Round "3.31"]
[Board "3"]
[White "Vedmediuc, Serghei"]
[Black "Makoto, Rodwell"]
[Result "1/2-1/2"]
[WhiteTitle "IM"]
[WhiteElo "2468"]
[BlackElo "2254"]
[WhiteTeam "Moldova"]
[BlackTeam "Zimbabwe"]
[WhiteFideId "13900790"]
[BlackFideId "11000120"]
[EventDate "2012.08.28"]

1. e4 e5 2. Nf3 Nc6 3. Bb5 a6 4. Ba4 Nf6 5. O-O Be7 6. Re1 b5 7. Bb3 O-O 8. h3
Rb8 9. c3 d5 10. exd5 Nxd5 11. Nxe5 Nxe5 12. Rxe5 Bb7 13. d4 Bf6 14. Re1 Re8 15.
Bd2 Qd7 16. Rxe8+ Rxe8 17. Na3 Nb6 18. Qg4 Qc6 19. Re1 Rxe1+ 20. Bxe1 h5 21. Qg3
Bh4 22. d5 Qe8 23. Qxh4 Qxe1+ 24. Kh2 Bxd5 25. Bxd5 Qe5+ 26. Qg3 Qxg3+ 27. Kxg3
Nxd5 28. c4 bxc4 29. Nxc4 Kf8 30. Kf3 Ke7 31. Ke4 Ke6 32. h4 c5 33. a3 f6 34.
Ne3 Nxe3 35. Kxe3 Kd5 36. b3 g5 37. g3 gxh4 38. gxh4 Ke5 39. f3 Kf5 40. Kd3 Kf4
41. Kc4 Kxf3 42. Kxc5 Ke4 43. b4 f5 44. a4 f4 45. b5 axb5 46. a5 f3 47. a6 f2
48. a7 f1=Q 49. a8=Q+ Ke3 50. Qe8+ Kf2 51. Qf7+ Kg2 52. Qxf1+ Kxf1 53. Kxb5 Kf2
54. Kc4 Kg3 55. Kd3 Kxh4 56. Ke2 Kg3 57. Kf1 h4 58. Kg1 1/2-1/2

[Event "40th Olympiad Open"]
[Site "Istanbul TUR"]
[Date "2012.08.30"]
[Round "3.31"]
[Board "4"]
[White "Masango, Spencer"]
[Black "Baltag, Iulian"]
[Result "1/2-1/2"]
[BlackTitle "IM"]
[WhiteElo "2153"]
[BlackElo "2396"]
[WhiteTeam "Zimbabwe"]
[BlackTeam "Moldova"]
[WhiteFideId "14300753"]
[BlackFideId "13901419"]
[EventDate "2012.08.28"]

1. d4 d5 2. c4 c6 3. Nf3 Nf6 4. Nc3 g6 5. e3 Bg7 6. b3 O-O 7. Bb2 b6 8. cxd5
cxd5 9. Be2 Bb7 10. O-O Nbd7 11. Rc1 a6 12. Re1 e6 13. Ba3 Re8 14. Bd6 Bf8 15.
Bxf8 Rxf8 16. Rc2 Rc8 17. Qb1 Qe7 18. Rec1 Qd6 19. h3 Rc6 20. Na4 Rfc8 21. Rxc6
Rxc6 22. Rxc6 Qxc6 23. Bd3 b5 24. Nb2 Ne4 25. Qc2 Nc3 26. a3 a5 27. h4 Kg7 28.
h5 Ne4 29. hxg6 hxg6 30. Qxc6 Bxc6 31. Kf1 Nd6 32. Ke1 f6 33. Kd2 e5 34. Ne1 Nf8
35. Nc2 Ne6 36. g3 g5 37. Nd1 e4 38. Be2 f5 39. Nc3 Kf6 40. f4 Nc7 41. Ne1 Na8
42. Ng2 g4 43. Ne1 Nb6 44. Nc2 Ke6 1/2-1/2

[Event "40th Olympiad Open"]
[Site "Istanbul TUR"]
[Date "2012.08.30"]
[Round "3.32"]
[Board "1"]
[White "Mok, Tze-Meng"]
[Black "Amin, Bassem"]
[Result "1-0"]
[WhiteTitle "IM"]
[BlackTitle "GM"]
[WhiteElo "2354"]
[BlackElo "2643"]
[WhiteTeam "Malaysia"]
[BlackTeam "Egypt"]
[WhiteFideId "5700329"]
[BlackFideId "10601457"]
[EventDate "2012.08.28"]

1. e4 e5 2. Nf3 Nc6 3. Bb5 a6 4. Bxc6 dxc6 5. O-O f6 6. d4 exd4 7. Nxd4 c5 8.
Nb3 Qxd1 9. Rxd1 Bd7 10. Be3 b6 11. a4 a5 12. Nc3 O-O-O 13. Rd2 c4 14. Nd4 Bb4
15. Ndb5 Bxc3 16. Na7+ Kb7 17. bxc3 Ne7 18. Rad1 Nc8 19. Nb5 Bxb5 20. Rxd8 Rxd8
21. Rxd8 Bxa4 22. Rg8 g5 23. e5 fxe5 24. Rxg5 Bxc2 25. Rxe5 Nd6 26. f4 Bf5 27.
Kf2 a4 28. Bc1 c5 29. Kf3 h5 30. Kg3 Be4 31. Kh4 Bxg2 32. Kxh5 Be4 33. Rxe4 Nxe4
34. f5 Kc6 35. Kg6 Kd7 36. f6 a3 37. f7 a2 38. Bb2 1-0

[Event "40th Olympiad Open"]
[Site "Istanbul TUR"]
[Date "2012.08.30"]
[Round "3.32"]
[Board "3"]
[White "Yeoh, Li Tian"]
[Black "Ezat, Mohamed"]
[Result "0-1"]
[BlackTitle "IM"]
[WhiteElo "2258"]
[BlackElo "2453"]
[WhiteTeam "Malaysia"]
[BlackTeam "Egypt"]
[WhiteFideId "5702895"]
[BlackFideId "10600906"]
[EventDate "2012.08.28"]

1. e4 g6 2. d4 Bg7 3. Nf3 c6 4. Bd3 d5 5. exd5 cxd5 6. c3 Nf6 7. O-O O-O 8. h3
Nc6 9. Bf4 Ne4 10. Qe2 f5 11. Na3 e6 12. Rad1 Bd7 13. Nd2 Qh4 14. Bh2 a6 15. Nc2
Rae8 16. Nb3 e5 17. Bxe4 fxe4 18. Bg3 Qg5 19. c4 h5 20. Nc5 Bc8 21. cxd5 Nxd4
22. Qxe4 b6 23. Nxd4 exd4 24. Ne6 Bxe6 25. dxe6 Qf5 26. Rfe1 Qxe4 27. Rxe4 Rf6
28. Rdxd4 Rfxe6 29. Rxe6 Rxe6 30. Rd8+ Kh7 31. Rd7 Re1+ 32. Kh2 Re2 33. Rb7 b5
34. Ra7 g5 35. b3 h4 36. Bd6 Kg6 37. f4 gxf4 38. Bxf4 Rxa2 39. Rd7 Bf6 40. Rd2
Ra1 41. g3 Kf5 42. Rf2 Ke4 43. Bc7 hxg3+ 44. Bxg3 Bd4 45. Rf4+ Kd3 46. h4 Be3
47. Rf6 b4 48. h5 Ra5 49. Kg2 Rxh5 50. Rxa6 Rg5 51. Kf3 Rf5+ 52. Kg4 Rf1 53. Ra4
Bc5 54. Ra5 Rc1 55. Rb5 Ke4 56. Bf4 Rg1+ 57. Kh5 Kxf4 58. Rxc5 Re1 59. Kg6 Re3
60. Rc4+ Re4 61. Rc8 Kf3 62. Rb8 Ke2 63. Kf5 Rh4 64. Ke5 Kd2 65. Rc8 Rh3 66. Kd4
Rd3+ 67. Ke4 Rxb3 68. Rd8+ Kc2 69. Rh8 Rg3 70. Kd4 b3 71. Rc8+ Kd2 72. Rb8 Rg4+
73. Ke5 Kc3 74. Rc8+ Rc4 0-1

[Event "40th Olympiad Open"]
[Site "Istanbul TUR"]
[Date "2012.08.30"]
[Round "3.33"]
[Board "1"]
[White "Galego, Luis"]
[Black "Wynn Zaw Htun"]
[Result "1/2-1/2"]
[WhiteTitle "GM"]
[BlackTitle "IM"]
[WhiteElo "2495"]
[BlackElo "2398"]
[WhiteTeam "Portugal"]
[BlackTeam "Myanmar"]
[WhiteFideId "1900072"]
[BlackFideId "13002783"]
[EventDate "2012.08.28"]

1. c4 g6 2. h4 Nf6 3. Nc3 d6 4. Nd5 Nbd7 5. g3 Bg7 6. Bg2 c6 7. Nxf6+ Nxf6 8.
Nf3 O-O 9. d3 e5 10. Bg5 h6 11. Bxf6 Qxf6 12. Nd2 Qd8 13. h5 g5 14. e4 f5 15.
Qe2 Qb6 16. Rb1 a5 17. Nf1 f4 18. g4 Be6 19. Nd2 Bf6 20. O-O Bd8 21. a3 a4 22.
Bf3 Rf7 23. Rfc1 Qa7 24. b4 axb3 25. Nxb3 Bb6 26. a4 Qb8 27. Ra1 Qd8 28. Kh2 Ra6
29. Qb2 c5 30. Rcb1 Qa8 31. Nc1 Ba5 32. Na2 Rc7 33. Qc2 Bd7 34. Rb2 Qc8 35. Qd1
Qe8 36. Qb1 Qc8 37. Qd1 Qe8 38. Qb1 Bc6 39. Rb3 Qc8 40. Nc3 Bxc3 41. Rxc3 Rxa4
42. Rxa4 Bxa4 43. Ra3 Qd7 44. Qb6 Bc6 45. Bd1 Rc8 46. f3 Qd8 47. Qa7 Kf8 48. Kg2
Rb8 49. Kf2 Ke7 50. Ke2 Kf8 51. Kd2 Kg8 52. Ra1 1/2-1/2

[Event "40th Olympiad Open"]
[Site "Istanbul TUR"]
[Date "2012.08.30"]
[Round "3.33"]
[Board "2"]
[White "Win, Tun"]
[Black "Fernandes, Antonio"]
[Result "0-1"]
[BlackTitle "GM"]
[WhiteElo "2174"]
[BlackElo "2395"]
[WhiteTeam "Myanmar"]
[BlackTeam "Portugal"]
[WhiteFideId "13003100"]
[BlackFideId "1900021"]
[EventDate "2012.08.28"]

1. d4 Nf6 2. Nf3 g6 3. Bf4 Bg7 4. e3 c5 5. c3 b6 6. Nbd2 Bb7 7. Bd3 O-O 8. O-O
d6 9. e4 e5 10. Be3 exd4 11. cxd4 Re8 12. dxc5 dxc5 13. Qc2 Nc6 14. a3 Ng4 15.
Bg5 Nd4 16. Qb1 Qd6 17. h3 Nxf3+ 18. Nxf3 Ne5 19. Bb5 Nxf3+ 20. gxf3 Qe5 21. Bh4
Qh5 0-1

[Event "40th Olympiad Open"]
[Site "Istanbul TUR"]
[Date "2012.08.30"]
[Round "3.33"]
[Board "3"]
[White "Pereira, Ruben"]
[Black "Myo Naing"]
[Result "1-0"]
[WhiteTitle "IM"]
[BlackTitle "IM"]
[WhiteElo "2417"]
[BlackElo "2312"]
[WhiteTeam "Portugal"]
[BlackTeam "Myanmar"]
[WhiteFideId "1903063"]
[BlackFideId "13000071"]
[EventDate "2012.08.28"]

1. Nf3 g6 2. c4 Bg7 3. g3 c5 4. Bg2 Nc6 5. O-O e5 6. Nc3 Nge7 7. a3 d6 8. Rb1 a5
9. Ne1 Be6 10. d3 O-O 11. Nc2 Rb8 12. b4 axb4 13. axb4 b6 14. b5 Nd4 15. Ne3
Ndf5 16. Ned5 Nxd5 17. Nxd5 Ne7 18. Nxe7+ Qxe7 19. Bb2 Rfd8 20. Qb3 f5 21. Ra1
Qf7 22. Ra4 d5 23. cxd5 Bxd5 24. Bxd5 Rxd5 25. Rfa1 Rd7 26. Qa3 h5 27. Ra8 Rdd8
28. Rxb8 Rxb8 29. Qa7 Rb7 30. Qa8+ Kh7 31. Qc8 e4 32. Bxg7 Qxg7 33. Ra8 exd3 34.
exd3 Re7 35. Qb8 Qd4 36. Ra7 Rxa7 37. Qxa7+ Kh6 38. Qxb6 h4 39. Qb8 g5 40. Qf8+
Kg6 41. Qe8+ Kg7 42. Qe7+ Kg6 43. Qe6+ Kg7 44. Qxf5 Kh6 45. b6 Qb4 46. Qe6+ Kg7
47. Qd7+ Kh6 48. b7 1-0

[Event "40th Olympiad Open"]
[Site "Istanbul TUR"]
[Date "2012.08.30"]
[Round "3.34"]
[Board "2"]
[White "Purnama, Tirta Chandra"]
[Black "Guerra Tulcan, Lenin"]
[Result "1-0"]
[WhiteTitle "IM"]
[BlackTitle "FM"]
[WhiteElo "2384"]
[BlackElo "2424"]
[WhiteTeam "Indonesia"]
[BlackTeam "Ecuador"]
[WhiteFideId "7101422"]
[BlackFideId "3601382"]
[EventDate "2012.08.28"]

1. d4 Nf6 2. c4 c5 3. d5 b5 4. cxb5 a6 5. e3 axb5 6. Bxb5 Qa5+ 7. Nc3 Bb7 8. Bd2
Qb6 9. Qb3 e6 10. e4 Nxe4 11. Nxe4 Bxd5 12. Qd3 f5 13. Ng3 Bxg2 14. N1e2 Bxh1
15. Nxh1 Be7 16. Bc3 O-O 17. Nf4 Bf6 18. a4 Bxc3+ 19. bxc3 Ra7 20. Qe3 Na6 21.
Rd1 d5 22. Kf1 Nc7 23. Bd7 Rf6 24. Qe5 Qb3 25. Re1 Qc4+ 26. Kg1 h6 27. Ng3 d4
28. Nxe6 Qxc3 29. Nxc7 Rxc7 30. Qe8+ Kh7 31. Re7 Rxd7 32. Qxd7 Rg6 33. Qxf5 Qb3
34. Qxc5 d3 35. Qd4 h5 36. Rd7 d2 37. Qxd2 h4 38. Qd3 Qxd3 39. Rxd3 hxg3 40.
hxg3 Ra6 41. Ra3 Kg6 42. a5 Kf5 43. Kg2 Ke4 44. Kh3 Kf5 45. Kg2 Ke4 46. Ra4+ Kf5
47. Kf3 Ke5 48. Kg4 Rg6+ 49. Kh5 Ra6 50. Kg5 Kd5 51. g4 Ke5 52. f4+ Kd5 53. f5
Ke5 54. Ra1 Kd5 1-0

[Event "40th Olympiad Open"]
[Site "Istanbul TUR"]
[Date "2012.08.30"]
[Round "3.35"]
[Board "2"]
[White "Nguyen, Ngoc Truong Son"]
[Black "Gauci, Joseph"]
[Result "1-0"]
[WhiteTitle "GM"]
[BlackTitle "CM"]
[WhiteElo "2639"]
[BlackElo "2133"]
[WhiteTeam "Vietnam"]
[BlackTeam "Malta"]
[WhiteFideId "12401110"]
[BlackFideId "5600278"]
[EventDate "2012.08.28"]

1. d4 Nf6 2. c4 g6 3. g3 Bg7 4. Bg2 d5 5. cxd5 Nxd5 6. Nf3 O-O 7. O-O Nb6 8. Nc3
Nc6 9. d5 Na5 10. e4 c6 11. Bf4 cxd5 12. Nxd5 Nxd5 13. exd5 Nc4 14. b3 Nd6 15.
Rc1 Bf5 16. Qe2 Re8 17. Ne5 Rc8 18. g4 Bd7 19. a4 a6 20. h3 Kf8 21. Qe3 Bxe5 22.
Bxe5 f6 23. Bd4 Rxc1 24. Rxc1 b5 25. Bb6 Qb8 26. Bc7 Qb7 27. Bxd6 exd6 28. Qf4
Qb8 29. Qxf6+ Kg8 30. a5 Rf8 31. Qd4 Rc8 32. Rxc8+ Qxc8 33. Qb6 Qc1+ 34. Bf1 Be8
35. Qxa6 Qd1 36. Qc8 Kf7 37. a6 1-0

[Event "40th Olympiad Open"]
[Site "Istanbul TUR"]
[Date "2012.08.30"]
[Round "3.35"]
[Board "4"]
[White "Dao, Thien Hai"]
[Black "Psaila, Clarence"]
[Result "1-0"]
[WhiteTitle "GM"]
[WhiteElo "2518"]
[BlackElo "2026"]
[WhiteTeam "Vietnam"]
[BlackTeam "Malta"]
[WhiteFideId "12400084"]
[BlackFideId "5600359"]
[EventDate "2012.08.28"]

1. d4 e6 2. c4 f5 3. Nc3 Nf6 4. Nf3 Bb4 5. Bd2 Bxc3 6. Bxc3 Ne4 7. Rc1 Nxc3 8.
Rxc3 d6 9. Qc2 O-O 10. e4 e5 11. dxe5 dxe5 12. c5 Nc6 13. Bc4+ Kh8 14. O-O Nd4
15. Nxd4 Qxd4 16. Bd5 fxe4 17. Bxe4 Be6 18. Bxh7 Rf6 19. Be4 c6 20. Rd3 Qc4 21.
Rh3+ Kg8 22. Qxc4 Bxc4 23. Rd1 Bxa2 24. b3 a5 25. Rd2 Rf4 26. Bh7+ Kf7 27. Rxa2
g6 28. Rg3 Rf6 29. Rd2 a4 30. bxa4 Rxa4 31. h3 Rh4 32. Rd7+ Ke6 33. Rxb7 Kd5 1-0

[Event "40th Olympiad Open"]
[Site "Istanbul TUR"]
[Date "2012.08.30"]
[Round "3.36"]
[Board "1"]
[White "Serban, Vlad"]
[Black "Papaioannou, Ioannis"]
[Result "0-1"]
[BlackTitle "GM"]
[WhiteElo "2280"]
[BlackElo "2606"]
[WhiteTeam "Luxembourg"]
[BlackTeam "Greece"]
[WhiteFideId "4001060"]
[BlackFideId "4201345"]
[EventDate "2012.08.28"]

1. e4 c5 2. Nf3 d6 3. d4 cxd4 4. Nxd4 Nf6 5. Nc3 a6 6. Bg5 Nbd7 7. Bc4 Qb6 8.
Bb3 e6 9. O-O Be7 10. Kh1 Nc5 11. Qe2 h6 12. Be3 Qc7 13. f4 O-O 14. Bf2 b5 15.
Bh4 Bb7 16. e5 dxe5 17. fxe5 Nh7 18. Bg3 Rad8 19. Rad1 Ng5 20. Qg4 b4 21. Nce2
Nxb3 22. axb3 Ne4 23. Bf4 Bg5 24. Rd3 Bxf4 25. Qxf4 g5 26. Qg4 Qxe5 27. Qh5 Qg7
28. c3 Qg6 29. Qxg6+ fxg6 30. Rdf3 Rxf3 31. Rxf3 e5 32. Ne6 Re8 0-1

[Event "40th Olympiad Open"]
[Site "Istanbul TUR"]
[Date "2012.08.30"]
[Round "3.36"]
[Board "2"]
[White "Mastrovasilis, Dimitrios"]
[Black "Wagener, Claude"]
[Result "1-0"]
[WhiteTitle "GM"]
[BlackTitle "FM"]
[WhiteElo "2618"]
[BlackElo "2261"]
[WhiteTeam "Greece"]
[BlackTeam "Luxembourg"]
[WhiteFideId "4202694"]
[BlackFideId "4000471"]
[EventDate "2012.08.28"]

1. e4 c5 2. Nf3 e6 3. d4 cxd4 4. Nxd4 Nc6 5. Nb5 d6 6. Bf4 e5 7. Be3 Be7 8. N1c3
a6 9. Nd5 Rb8 10. Bb6 Qd7 11. Nbc7+ Kf8 12. Qd2 Bd8 13. O-O-O h5 14. h4 Rh6 15.
g3 Nd4 16. c3 Qc6 17. Ba7 Nf3 18. Qe3 Bxc7 19. Nxc7 Qxc7 20. Bxb8 Qxb8 21. Be2
Rf6 22. Bxf3 Rxf3 23. Qxf3 Bg4 24. Qd3 Bxd1 25. Rxd1 Ke7 26. Qc4 Nf6 27. Rd2 Nd7
28. Qe2 Nf6 29. b3 Qc7 30. Kb2 Qc6 31. f3 Nd7 32. Qe3 f6 33. Qd3 Nb6 34. a4 Qc5
35. a5 Nd7 36. b4 Qc6 37. Kb3 Nf8 38. Qc4 Ne6 39. Rf2 Qe8 40. f4 Qd7 41. Qd5 Qc8
42. Rd2 Qc7 43. fxe5 dxe5 44. Qc4 Qb8 45. Rd1 g5 46. Rd2 Qe8 47. Qd5 Qc8 48.
Qd6+ Ke8 49. hxg5 1-0

[Event "40th Olympiad Open"]
[Site "Istanbul TUR"]
[Date "2012.08.30"]
[Round "3.36"]
[Board "4"]
[White "Halkias, Stelios"]
[Black "Schartz, Alain"]
[Result "1-0"]
[WhiteTitle "GM"]
[WhiteElo "2574"]
[BlackElo "2158"]
[WhiteTeam "Greece"]
[BlackTeam "Luxembourg"]
[WhiteFideId "4201809"]
[BlackFideId "4000765"]
[EventDate "2012.08.28"]

1. d4 d5 2. Nf3 Nf6 3. c4 e6 4. Nc3 c6 5. g3 Nbd7 6. Bg2 Bd6 7. O-O O-O 8. Qd3
Re8 9. Rd1 Qe7 10. Bg5 h6 11. Bxf6 Nxf6 12. Nd2 b6 13. Rac1 Bb7 14. e4 dxe4 15.
Ndxe4 Nxe4 16. Nxe4 Red8 17. Qe3 Rac8 18. c5 Bb8 19. Nd2 bxc5 20. dxc5 Ba6 21.
Nb3 Rxd1+ 22. Rxd1 Bc4 23. Na5 Bd5 24. b4 Qf6 25. Qe2 Qc3 26. Bxd5 cxd5 27. Qa6
Rf8 28. Nc6 h5 29. Qd3 Qf6 30. b5 h4 31. Qd4 hxg3 32. hxg3 Qd8 1-0

[Event "40th Olympiad Open"]
[Site "Istanbul TUR"]
[Date "2012.08.30"]
[Round "3.37"]
[Board "1"]
[White "Jones, Richard S."]
[Black "Stefansson, Hannes"]
[Result "1/2-1/2"]
[WhiteTitle "IM"]
[BlackTitle "GM"]
[WhiteElo "2393"]
[BlackElo "2515"]
[WhiteTeam "Wales"]
[BlackTeam "Iceland"]
[WhiteFideId "1800833"]
[BlackFideId "2300087"]
[EventDate "2012.08.28"]

1. e4 e5 2. Nf3 Nc6 3. Bb5 a6 4. Ba4 Nf6 5. O-O Be7 6. Re1 b5 7. Bb3 O-O 8. c3
d6 9. h3 Nb8 10. d4 Nbd7 11. Nbd2 Bb7 12. Bc2 Re8 13. Nf1 Bf8 14. Ng3 g6 15. b3
c6 16. Bg5 Bg7 17. Qd2 Qe7 18. Rad1 Qf8 19. Qc1 Rad8 20. a4 h6 21. Be3 Kh7 22.
Qb1 Qe7 23. Bc1 Nf8 24. Ba3 Qc7 25. Re2 c5 26. d5 Bc8 27. b4 N8d7 28. a5 Bb7 29.
Bc1 Rc8 30. Bd3 Rb8 31. Bd2 Rec8 32. Qa2 c4 33. Bb1 Rf8 34. Nh2 Rbe8 35. Bc2 Qd8
36. Qb1 Ng8 37. Rf1 Bf6 38. Qc1 Bg5 39. Bxg5 Qxg5 40. Qxg5 hxg5 41. Nf3 Kh6 42.
h4 gxh4 43. Nxh4 Kg5 44. Nf3+ Kf6 45. Re3 Ne7 46. Ree1 Rh8 47. Nh2 Kg7 48. Ng4
Ref8 49. Ne3 Rh4 50. f3 Nf6 51. Kf2 Nh5 52. Rh1 Rxh1 53. Rxh1 Nxg3 54. Kxg3 f5
55. Kh2 Bc8 56. Kg1 Ng8 57. exf5 Bxf5 58. Bxf5 gxf5 59. g4 fxg4 60. fxg4 Ne7 61.
Kg2 Kg6 62. Kg3 Ng8 63. Nf5 Nf6 64. Nxd6 Rd8 65. Nf5 Kg5 66. Ne3 Rf8 67. Kg2
Nxg4 68. Nxg4 Kxg4 69. Re1 Rg8 70. d6 Kf5+ 71. Kf3 Rd8 72. Rd1 Ke6 73. Ke4 Rxd6
74. Rh1 Kd7 75. Rh7+ Kc8 1/2-1/2

[Event "40th Olympiad Open"]
[Site "Istanbul TUR"]
[Date "2012.08.30"]
[Round "3.37"]
[Board "2"]
[White "Gretarsson, Hjorvar Steinn"]
[Black "Dineley, Richard"]
[Result "1-0"]
[WhiteTitle "IM"]
[WhiteElo "2506"]
[BlackElo "2259"]
[WhiteTeam "Iceland"]
[BlackTeam "Wales"]
[WhiteFideId "2302241"]
[BlackFideId "1800680"]
[EventDate "2012.08.28"]

1. Nf3 Nf6 2. c4 e6 3. g3 b6 4. Bg2 Bb7 5. O-O c5 6. Nc3 Be7 7. d4 cxd4 8. Qxd4
O-O 9. Rd1 a6 10. Be3 Bc5 11. Qf4 Bxe3 12. Qxe3 d5 13. Ne5 Re8 14. Rac1 Nc6 15.
Nxc6 Bxc6 16. Qd4 b5 17. cxd5 Bxd5 18. e4 Bb7 19. e5 Bxg2 20. Kxg2 Nd5 21. Nxd5
exd5 22. Rc5 Qe7 23. Rxd5 h6 24. Qf4 Ra7 25. Qf5 Rc7 26. Rd7 Rxd7 27. Rxd7 Qxe5
28. Qxf7+ Kh8 29. h4 Rg8 30. b3 Qe2 31. a3 Qa2 32. g4 Qxa3 33. g5 Qc1 34. Rc7
Qd1 35. Qf4 Qd5+ 36. Kh2 Qe6 37. Qd4 Qg6 38. f4 hxg5 39. hxg5 Re8 40. Kg3 Re4
41. Qd7 Re3+ 42. Kg4 Rd3 43. Qc8+ Kh7 44. Rc6 Rd6 45. Rc2 Qe4 46. Rh2+ Kg6 47.
Rh6+ 1-0

[Event "40th Olympiad Open"]
[Site "Istanbul TUR"]
[Date "2012.08.30"]
[Round "3.37"]
[Board "3"]
[White "Jones, Iolo C"]
[Black "Thorhallsson, Throstur"]
[Result "0-1"]
[WhiteTitle "CM"]
[BlackTitle "GM"]
[WhiteElo "2243"]
[BlackElo "2426"]
[WhiteTeam "Wales"]
[BlackTeam "Iceland"]
[WhiteFideId "1800094"]
[BlackFideId "2300109"]
[EventDate "2012.08.28"]

1. d4 d5 2. Nf3 Nf6 3. c4 dxc4 4. Qa4+ c6 5. Qxc4 Bf5 6. Nc3 e6 7. e3 h6 8. Be2
Nbd7 9. O-O Bd6 10. Bd2 O-O 11. Rac1 e5 12. dxe5 Nxe5 13. Nxe5 Bxe5 14. Rfd1 Qe7
15. Be1 Rfe8 16. Bf3 Rac8 17. Qb3 h5 18. Ne2 Be6 19. Qc2 Bd5 20. Nd4 Bxd4 21.
Rxd4 Bxf3 22. gxf3 Nd5 23. Re4 Qf6 24. Kg2 Rcd8 25. Bc3 Nxc3 26. Rxe8+ Rxe8 27.
Qxc3 Re5 28. e4 Rg5+ 29. Kh1 Qe6 30. Qe3 Rg6 31. a3 Qe5 32. b4 Rf6 33. Rg1 Rf4
34. Rg3 b6 35. Kg2 Kh7 36. Qd3 Rf6 37. Qe3 Rf4 38. Qd3 c5 39. bxc5 bxc5 40. Qd8
Rf6 41. h4 c4 42. Qf8 g6 43. Qb4 Rc6 44. Rg5 Qc7 45. Rd5 c3 46. Rd1 c2 47. Rc1
Rc3 48. a4 Rd3 49. Qb5 Rd1 50. Qb2 Rxc1 51. Qxc1 a5 52. Kf1 Qc4+ 53. Ke1 Qb4+
54. Ke2 Qxa4 55. Kd3 Qb3+ 56. Kd2 a4 57. f4 Qf3 58. Kxc2 Qxe4+ 59. Kb2 Qb4+ 60.
Ka1 a3 61. Ka2 Kg7 62. Qa1+ Qb2+ 63. Qxb2+ axb2 64. Kxb2 Kf6 65. Kc3 Kf5 66. Kd4
Kxf4 67. Kd5 Kg4 68. Kd4 0-1

[Event "40th Olympiad Open"]
[Site "Istanbul TUR"]
[Date "2012.08.30"]
[Round "3.37"]
[Board "4"]
[White "Arngrimsson, Dagur"]
[Black "Brown, Thomas"]
[Result "1-0"]
[WhiteTitle "IM"]
[WhiteElo "2375"]
[BlackElo "2104"]
[WhiteTeam "Iceland"]
[BlackTeam "Wales"]
[WhiteFideId "2301288"]
[BlackFideId "1801430"]
[EventDate "2012.08.28"]

1. d4 Nf6 2. Nf3 g6 3. g3 Bg7 4. Bg2 O-O 5. O-O d6 6. c4 c5 7. Nc3 Nc6 8. d5 Na5
9. Qd3 a6 10. Bg5 Rb8 11. b3 h6 12. Bf4 g5 13. Bd2 Bg4 14. Rad1 Bh5 15. Rfe1 b5
16. cxb5 axb5 17. e4 c4 18. bxc4 bxc4 19. Qc2 Nd7 20. Rb1 Bxf3 21. Bxf3 Ne5 22.
Be2 Qd7 23. Na4 Nb3 24. axb3 cxb3 25. Rxb3 Qxa4 26. Rc3 Qd7 27. Kg2 Rfc8 28. Rb1
Ng6 29. Rc6 Rxb1 30. Rxc8+ Kh7 31. Qc6 Rb7 32. Ba6 Ra7 33. Qxd7 Rxd7 34. Be3 Ne5
35. f4 gxf4 36. gxf4 Ng6 37. Kg3 e6 38. dxe6 fxe6 39. Re8 Re7 40. Rd8 d5 41. e5
Rc7 42. Bd4 h5 43. Bd3 Rb7 44. Kf3 Rf7 45. Be3 Bxe5 46. Re8 Rf6 47. Re7+ Kh6 48.
f5+ 1-0

[Event "40th Olympiad Open"]
[Site "Istanbul TUR"]
[Date "2012.08.30"]
[Round "3.38"]
[Board "1"]
[White "Nyback, Tomi"]
[Black "Kojima, Shinya"]
[Result "1-0"]
[WhiteTitle "GM"]
[BlackTitle "FM"]
[WhiteElo "2638"]
[BlackElo "2282"]
[WhiteTeam "Finland"]
[BlackTeam "Japan"]
[WhiteFideId "503142"]
[BlackFideId "7000812"]
[EventDate "2012.08.28"]

1. d4 d5 2. c4 c6 3. Nf3 Nf6 4. e3 g6 5. Nc3 Bg7 6. Be2 O-O 7. O-O dxc4 8. Bxc4
Nbd7 9. Bb3 Nb6 10. h3 Nbd5 11. Re1 Bf5 12. Nd2 Nxc3 13. bxc3 Ne4 14. Nxe4 Bxe4
15. Ba3 Re8 16. Qg4 Bd5 17. c4 Be6 18. Qf3 Qa5 19. Bb2 Rad8 20. Red1 Qb4 21.
Rac1 c5 22. Bc3 Qb6 23. d5 Bd7 24. e4 Bxc3 25. Qxc3 e5 26. Bc2 Bc8 27. Rb1 Qc7
28. a4 Re7 29. a5 Qd6 30. Rf1 f5 31. exf5 gxf5 32. Rbe1 Rf8 33. Re2 Rff7 34.
Rfe1 e4 35. f3 Qg3 36. Rf1 Rg7 37. Qe1 exf3 38. Qxg3 fxe2 39. Qb8 exf1=Q+ 40.
Kxf1 Re8 41. Qxa7 f4 42. Bd1 Bf5 43. Bh5 Rc8 44. Qb6 Re7 45. Qf6 Bd3+ 46. Kf2 1-0